JRE-IKST-009の採用駅 - Statistics

General Stats
  • This quiz has been taken 8 times
  • The average score is 9 of 11
Answer Stats
Answer % Correct
新宿
100%
高崎
100%
大宮
86%
宮原
86%
本庄
86%
新町
86%
倉賀野
86%
桶川
71%
北本
71%
岡部
71%
神保原
71%
No matching quizzes found
Score Distribution
Percent of People with Each Score
Percentile by Number Answered
Your Score History
You have not taken this quiz